Silové a kinematické pomery na prednej náprave traktora pri vysokej ťahovej sile

Bibliographic Details
Main Authors: Žikla, Anton (Author), Ryban, Gustáv, 1936-2007 (Author)
Format: Article
Language:Slovak
PhysicalDescription:Obr. 11. Tb. 5. Res. rus., angl.
Subjects:

MARC

LEADER 00000nab a2200000 a 4500
001 vtls000027040
003 SK-MaSNL
005 20260303121409.0
008 140429c1978 xo 0 slo
015 |a SNBRA19rr/mm-uuuuu 
035 |a CL0037134 
040 |a SNKBUCL  |b slo  |c SNKBUCL  |e AACR2 
041 0 |a slo 
044 |a xo  |c SK 
080 |a 629.11  |2 1981 
080 |a 631.3  |2 1981 
100 1 |a Žikla, Anton  |4 aut  |9 280015 
245 1 0 |a Silové a kinematické pomery na prednej náprave traktora pri vysokej ťahovej sile  |c Anton Žikla, Gustáv Ryban 
300 |b Obr. 11. Tb. 5. Res. rus., angl. 
650 0 7 |a traktory kolesové  |2 snkbucl  |9 929782 
655 7 |a články zo zborníkov  |2 snkbucl  |9 166140 
700 1 |a Ryban, Gustáv,  |d 1936-2007  |4 aut  |9 223888 
773 0 |t Acta technologica Universitatis agriculturae Nitra  |d Bratislava : Príroda, 1978  |g S. 59-76 
850 |a Slovenská národná knižnica v Martine  |a MTA001 
852 |a SNK  |b KIS3GCP 
958 7 |a RK 
992 |a RZB 
999 |c 1915134  |d 1917064